Quiz Cultura Generale - Quiz n°63 - Statistics

Statistiche generali
  • Questo quiz è stato fatto 187 volte
  • Il punteggio medio è 11 su 15
Statistiche sulle risposte
Domanda Risposta % Corretto
Oltre all'italiano, qual è l'altra lingua ufficiale della Valle d'Aosta? Francese
91%
In quale giorno della settimana è caduta il Natale nel 2022? Domenica
90%
Quanti millimetri ci sono in 0,1 decimetri? 10
87%
Qual è l'isola natia di Ulisse? Itaca
86%
Dove si trova il più importante Museo Egizio d'Italia? Torino
82%
Chi è stato il direttore artistico del Festival di Sanremo nel 2023? Amadeus
80%
Cosa è in analisi grammaticale il termine "al"? Preposizione articolata
79%
Quante coppe UEFA ha vinto l'Inter? 3
78%
Quale tenore italiano ha cantato alla premiazione del Leicester City campione d'Inghilterra nel 2016? Andrea Bocelli
77%
In quale regione italiana si trova il territorio delle Langhe? Piemonte
71%
Nella mitologia greca, come sono chiamati gli uomini giganteschi con un occhio solo al centro della fronte? Ciclopi
66%
Come si chiama la leggendaria coppa con la quale Gesù celebrò l'Ultima Cena? Santo Graal
56%
Com'è detto il più esterno dei due strati (insieme al derma) che compongono la pelle? Epidermide
53%
Com'è detta la porzione della circonferenza stessa delimitata da due punti appartenenti alla circonferenza? Arco di circonferenza
35%
Come sono detti i pianeti come Mercurio, Venere, Terra e Marte? Pianeti terrestri
29%
Nessun quiz corrispondente trovato
Distribuzione punteggi
Percentuale di utenti per punteggio
Percentile per numero di risposta
I tuoi punteggi nel tempo
Non hai fatto questo quiz